|
|
|
|
| LEADER |
00000nab a2200000 a 4500 |
| 001 |
vtls009164685 |
| 003 |
SK-MaSNL |
| 005 |
20260303205552.0 |
| 008 |
160322c2007 xo qrzp 0 0slo |
| 038 |
|
|
|a RVGKPD
|
| 040 |
|
|
|a RVGKPD
|b slo
|c RVGKPD
|e AACR2
|
| 041 |
|
|
|a slo
|
| 044 |
|
|
|a xo
|c SK
|
| 080 |
|
|
|a 615-051
|2 1997
|
| 080 |
|
|
|a 929 Mirossay, Ladislav
|2 1997
|
| 100 |
1 |
|
|a Čižmáriková, Katarína
|4 aut
|4 ivr
|9 268712
|
| 245 |
1 |
0 |
|a Zo Zlatej ulice to dotiahol na rektora
|b profesor MUDr. Ladislav Mirossay, DrSc. spomína na roky v Rožňave
|c Katarína Čižmáriková, Ladislav Mirossay
|
| 300 |
|
|
|b Fotogr.
|
| 600 |
1 |
7 |
|a Mirossay, Ladislav,
|d 1955-
|2 rvgkpd
|9 8366
|
| 610 |
2 |
7 |
|a Univerzita Pavla Jozefa Šafárika v Košiciach
|2 rvgkpd
|9 166726
|
| 650 |
0 |
7 |
|a farmakológia
|2 rvgkpd
|9 2468
|
| 651 |
|
7 |
|a Rožňava (Slovensko)
|2 rvgkpd
|9 17394
|
| 651 |
|
7 |
|a Košice (Slovensko)
|2 rvgkpd
|9 18694
|
| 700 |
1 |
|
|a Mirossay, Ladislav,
|d 1955-
|4 aut
|4 ive
|9 8366
|
| 773 |
0 |
|
|t Rožňavské listy = Rozsnyói Lapok
|g Roč. I, č. 1 (1.11.2007), s. 3
|
| 852 |
|
|
|a RVGKPD
|b KIS3G
|
| 958 |
|
|
|a BX
|
| 992 |
|
|
|a RBX
|
| 999 |
|
|
|c 2196017
|d 2197947
|